| 000 | 00282nam a2200133 i 4500 | ||
|---|---|---|---|
| 001 | bg | ||
| 100 | 1 | _aHENN, Walter | |
| 245 | 0 |
_aDie Trennwand / _cWalter Henn. |
|
| 260 | _aMunchen. | ||
| 040 | _cBPK | ||
| 041 | _apol | ||
| 942 | _cKS | ||
| 008 | s pl f |000 0 pol | ||
| 999 |
_c25609 _d25609 |
||
| 856 |
_uhttp://koha.tu.koszalin.pl/cgi-bin/koha/opac-detail.pl?biblionumber=25609 _yKatalog online BPK |
||